<?xml version="1.0" encoding="UTF-8"?><?xml-stylesheet type="text/xsl" href="static/style.xsl"?><OAI-PMH xmlns="http://www.openarchives.org/OAI/2.0/" xmlns:xsi="http://www.w3.org/2001/XMLSchema-instance" xsi:schemaLocation="http://www.openarchives.org/OAI/2.0/ http://www.openarchives.org/OAI/2.0/OAI-PMH.xsd"><responseDate>2026-04-30T05:10:52Z</responseDate><request verb="GetRecord" identifier="oai:uvadoc.uva.es:10324/2645" metadataPrefix="marc">https://uvadoc.uva.es/oai/request</request><GetRecord><record><header><identifier>oai:uvadoc.uva.es:10324/2645</identifier><datestamp>2021-06-29T09:29:31Z</datestamp><setSpec>com_10324_38</setSpec><setSpec>col_10324_852</setSpec></header><metadata><record xmlns="http://www.loc.gov/MARC21/slim" xmlns:doc="http://www.lyncode.com/xoai" xmlns:xsi="http://www.w3.org/2001/XMLSchema-instance" xmlns:dcterms="http://purl.org/dc/terms/" xsi:schemaLocation="http://www.loc.gov/MARC21/slim http://www.loc.gov/standards/marcxml/schema/MARC21slim.xsd">
<leader>00925njm 22002777a 4500</leader>
<datafield tag="042" ind1=" " ind2=" ">
<subfield code="a">dc</subfield>
</datafield>
<datafield tag="720" ind1=" " ind2=" ">
<subfield code="a">Martínez Andrés, Eva</subfield>
<subfield code="e">author</subfield>
</datafield>
<datafield tag="260" ind1=" " ind2=" ">
<subfield code="c">2012</subfield>
</datafield>
<datafield tag="520" ind1=" " ind2=" ">
<subfield code="a">El trabajo fin de grado presentado parte de una exhaustiva reflexión en torno a los actuales sistemas de protección social de la población en situación de exclusión social centrándose en los programas de rentas mínimas como el último escalón en dicha protección. A partir de dicha reflexión se presenta una propuesta de intervención sociolaboral dirigida a personas de etnia gitana beneficiarias de Renta Garantizada de Ciudadanía que toma como eje principal los programas integrados de empleo y formación como medio que permita, además de su acceso al mercado laboral normalizado, la superación de algunas de las situaciones que les han posicionado en situación de exclusión y, por ende, en posición de desigualdad frente al ejercicio activo de sus derechos como ciudadanos/as.</subfield>
</datafield>
<datafield tag="024" ind2=" " ind1="8">
<subfield code="a">http://uvadoc.uva.es/handle/10324/2645</subfield>
</datafield>
<datafield ind1=" " ind2=" " tag="653">
<subfield code="a">Gitanos - Trabajo - España</subfield>
</datafield>
<datafield tag="245" ind1="0" ind2="0">
<subfield code="a">Programas integrados de formación y empleo dirigidos a la población gitana beneficiaria de Renta Garantizada de Ciudadanía : el papel del educador/a social como orientador sociolaboral.</subfield>
</datafield>
</record></metadata></record></GetRecord></OAI-PMH>